000 00922cam a2200205 4500
001 X115097
008 011012n2001 000 0 eng u
035 _a(Sirsi) u115097
245 _aBettison and others v Langton and others
260 _c2001
490 _aEstates Gazette
_v[2001] 21 EG 166 (CS) (26/05/01)
520 _aHL 17 May 2001. Owners of land registering rights of common - Owners retaining land and selling rights of common - Whether rights of common attached to particular property capable of being granted away so as to become unattached to land - S15 of Common Registration Act 1965 - Judge finding rights validly severed from land - Appeal dismissed.
650 _aBETTISON AND OTHERS V LANGTON AND OTHERS
650 _aRIGHTS OF COMMON
650 _aTRANSFER
650 _aCOMMONS REGISTRATION ACT 1965
650 _aGRAZING RIGHTS
690 _aPROPERTY AND LAND LAW-CASE LAW
942 _n0
999 _c68554
_d68554